|
|
|
|
| LEADER |
00000cam a2200000 a 4500 |
| 001 |
58205 |
| 003 |
CZ-ZlUTB |
| 005 |
20240829143509.0 |
| 007 |
ta |
| 008 |
101126s1983 ru ad f 000 0 rus d |
| 040 |
|
|
|a ZLD002
|b cze
|
| 072 |
|
7 |
|a 678
|x Průmysl makromolekulárních látek. Gumárenský průmysl. Průmysl plastů
|2 Konspekt
|9 19
|
| 072 |
|
7 |
|a 37.016
|x Učební osnovy. Vyučovací předměty. Učebnice
|2 Konspekt
|9 22
|
| 080 |
|
|
|a 678.031
|2 MRF
|
| 080 |
|
|
|a 665.944.77
|2 MRF
|
| 080 |
|
|
|a 539.2/.5
|2 MRF
|
| 080 |
|
|
|a (048.8)
|2 MRF
|
| 080 |
|
|
|a (07)
|2 MRF
|
| 100 |
1 |
|
|a Erkova, Ljubov' Nikolajevna
|4 aut
|
| 245 |
1 |
0 |
|a Lateksy /
|c L. I. Erkova, O. S. Čečik
|
| 260 |
|
|
|a Leningrad :
|b Chimija,
|c 1983
|
| 300 |
|
|
|a 223 s. :
|b il. ;
|c 22 cm
|
| 504 |
|
|
|a Obsahuje bibliografii
|
| 650 |
0 |
7 |
|a latex
|7 ph323403
|2 czenas
|
| 650 |
0 |
7 |
|a vlastnosti materiálů
|7 ph241154
|2 czenas
|
| 650 |
0 |
9 |
|a latex
|2 eczenas
|
| 650 |
0 |
9 |
|a materials properties
|2 eczenas
|
| 655 |
|
7 |
|a monografie
|7 fd132842
|2 czenas
|
| 655 |
|
7 |
|a učebnice
|7 fd133770
|2 czenas
|
| 655 |
|
9 |
|a monographs
|2 eczenas
|
| 655 |
|
9 |
|a textbooks
|2 eczenas
|
| 700 |
1 |
|
|a Čečik, Oskar Samujlovič
|4 aut
|
| 910 |
|
|
|a ZLD002
|
| 952 |
|
|
|0 0
|1 0
|4 0
|6 678ERKOVALN
|7 0
|8 BOOK
|9 106905
|a UTBZL
|b UTBZL
|c 030
|d 2010-11-26
|l 0
|o 678/ERKOVA,L.N.
|p 420010135218
|r 2019-08-26 00:00:00
|v 12.00
|w 2019-08-26
|x N: převod SPUR;
|y 05
|
| 990 |
|
|
|a SPUR
|
| 992 |
|
|
|a BK
|b SK
|c SPUR
|
| 999 |
|
|
|c 58205
|d 58205
|